Pt. Ravi Shankar Shukla: life and times (Record no. 354555)

000 -LEADER
fixed length control field 00350cam a22001217a 4500
008 - FIXED-LENGTH DATA ELEMENTS--GENERAL INFORMATION
fixed length control field 180718b1991 xxu||||| |||| 00| 0 eng d
082 ## - DEWEY DECIMAL CLASSIFICATION NUMBER
Classification number A99 Sh92/Sh23
100 ## - MAIN ENTRY--PERSONAL NAME
Personal name Sharma, S.C.
245 ## - TITLE STATEMENT
Title Pt. Ravi Shankar Shukla: life and times
Statement of responsibility, etc. by S.C. Sharma
260 ## - PUBLICATION, DISTRIBUTION, ETC.
Place of publication, distribution, etc. Delhi
Name of publisher, distributor, etc. Bhartiya Bhasha Peeth
Date of publication, distribution, etc. 1991
300 ## - PHYSICAL DESCRIPTION
Extent 255p.
650 ## - SUBJECT ADDED ENTRY--TOPICAL TERM
Topical term or geographic name entry element Shukla, Ravi Shankar
Holdings
Withdrawn status Lost status Damaged status Not for loan Permanent Location Current Location Date acquired Full call number Barcode Date last seen Price effective from Koha item type
        Indian Institute of Public Administration Indian Institute of Public Administration 1993-12-13 A99 Sh92/Sh23 66091 2018-07-21 2018-07-21 Book

Powered by Koha